Star Wars: Episode 2 Trivia - Statistics

General Stats
  • This quiz has been taken 22 times
  • The average score is 14 of 25
Answer Stats
Hint Answer % Correct
Who had an assassination attempt against them at the start of the film? Senator Amidala
94%
What, to Obi Wan's surprise, had the aliens of Kamino built for the Republic? A clone army
75%
The bounty hunter had asked for a clone of himself that he could raise as his child. What was that clone's name? Boba Fett
75%
What is the name of the planet where the assassination attempt occurred? Coruscant
75%
There he found a Mandalorian bounty hunter. What was his name? Jango Fett
75%
What is coarse and gets everywhere, according to Anakin? Sand
75%
What real world animal did the creatures sent by the assassin (after the first failed attempt) most resemble? centipede/ millipede
63%
What did Elan Sleazebaggano try to sell Obi Wan in the bar? Death sticks
63%
What water planet did Obi Wan travel to in his hunt for the assassin? Kamino
63%
When Anakin and Padme went into hiding, where did they go? Naboo
63%
Who played Padme Amedala? Natalie Portman
63%
Who was the Sith Lord who faught Obi Wan, Anakin, and Yoda (What name did most people call him)? Count Dooku
56%
Who did Anakin have disturbing visions about? His mother
56%
What eventually did kill that person? Tuskin Raiders
56%
What actor played him? Christopher Lee
50%
What was the name of the diner owner who helped Obi Wan track the assassin? Dexter Jettster
50%
In a subtle nod to Star Trek, what color is Obi Wan's doomed astromech droid, R4? Red
50%
Name one of the three creatures set loose on the three captured heros in the arena. Acklay/ Reek/ Nexu
44%
That diner was designed to look like a set from what other George Lucas movie? American Graffiti
44%
On what planet does Obi Wan eventually get captured by the antagonists of the film? Geonosis
44%
Who played the role of Anakin Skywalker in this film? Hayden Christensen
44%
What did Anakin do to the perpetrators in response to that person being killed? He kills them all.
44%
What New Zealand actor played him? Temuera Morrison
44%
What was his Sith name? Darth Tyranus
38%
That planet is inhabited by a race of insectoid aliens. What is the name of their leader? Poggle the Lesser
38%
No matching quizzes found
Score Distribution
Percent of People with Each Score
Percentile by Number Answered
Your Score History
You have not taken this quiz